| 000 | 00575nam a22001577a 4500 | ||
|---|---|---|---|
| 008 | 161007b xxu||||| |||| 00| 0 eng d | ||
| 050 | _aL E161.T55 | ||
| 100 |
_aTime-Life _926600 |
||
| 245 |
_aThis fabulous century v.6 1950-1960 _c/Time-Life |
||
| 260 |
_aNew York _bTime-Life Books _c1970 |
||
| 300 |
_a288p.; _c30cm. |
||
| 650 |
_aPopular culture _xUnited States _xHistory _y20th century _926601 |
||
| 650 |
_aUnited States _xSocial life and customs _y20th century _926602 |
||
| 650 |
_aUnited States _xSocial life and customs _xPictorial works _926603 |
||
| 942 |
_2lcc _cMONOGRAPH |
||
| 999 |
_c125468 _d125468 |
||